000 00481nam a2200157 4500
005 20250930154235.0
008 250930b |||||||| |||| 00| 0 eng d
020 _a 9780877888130
050 _aBS2755.2
_b.B75 1994
100 _a Briscoe, D. Stuart.
245 _aTitus :
_bliving as God's very own people
300 _a viii, 128 p. ;
_c21 cm.
500 _aIncludes bibliographical references.
630 _2Bible, Titus
_xCriticism, interpretation, etc.
942 _2lcc
_cBK
999 _c59896
_d59896